Online
Catalog

Biografía de la sierva de Dios María de las Mercedes Cabeza Terrero : (Record no. 49817)

MARC details
000 -CABECERA
campo de control de longitud fija 01386nam a2200217 4500
003 - IDENTIFICADOR DEL NÚMERO DE CONTROL
campo de control DO-SdBNP
005 - FECHA Y HORA DE LA ÚLTIMA TRANSACCIÓN
campo de control 20220811123042.0
008 - DATOS DE LONGITUD FIJA--INFORMACIÓN GENERAL
campo de control de longitud fija 210517b ||||| |||| 00| 0 eng d
040 #4 - FUENTE DE LA CATALOGACIÓN
Centro catalogador/agencia de origen DO-SdBNP
Lengua de catalogación spa
Centro/agencia transcriptor BNPHU
082 #4 - NÚMERO DE LA CLASIFICACIÓN DECIMAL DEWEY
Número de clasificación 922.2
Número de documento/Ítem P762b
Número de edición 22
100 1# - ENTRADA PRINCIPAL--NOMBRE DE PERSONA
Nombre de persona Palomo Iglesias O.P. , P. Crescencio
9 (RLIN) 78701
245 01 - MENCIÓN DE TÍTULO
Título Biografía de la sierva de Dios María de las Mercedes Cabeza Terrero :
Resto del título fundadora de las operarias misioneras del Sagrado Corazón de Jesús /
Mención de responsabilidad, etc. P. Crescencio Palomo Iglesias O.P.,
260 2# - PUBLICACIÓN, DISTRIBUCIÓN, ETC.
Lugar de publicación, distribución, etc. Santo Domingo :
Nombre del editor, distribuidor, etc. Amigo del Hogar,
Fecha de publicación, distribución, etc. 2009.
300 ## - DESCRIPCIÓN FÍSICA
Extensión 100 p. :
Otras características físicas il. ;
Dimensiones 22 cm
505 ## - NOTA DE CONTENIDO CON FORMATO
Nota de contenido con formato Prólogo --
Título La familia de M. Mercedes --
-- La juventud --
-- Larga y penosa enfermedad --
-- Curación milagrosa --
-- El señor la quiere para una cosa nueva, para una fundación --
-- En las religiosas de María Inmaculada o del servicio doméstico --
-- De nuevo en el mundo --
-- Fundación de las Operarias Misioneras del Sagrado Corazón --
-- Expansión de las Operarias Misioneras del Sagrado Corazón --
-- El fin de su vida terrena --
-- Después de la muerte --
-- Fuentes --
-- Fechas importantes en la vida d María Mercedes.
590 ## - NOTA LOCAL (RLIN)
Nota local Inventariado, 2021 /SA
600 14 - PUNTO DE ACCESO ADICIONAL DE MATERIA--NOMBRE DE PERSONA
Nombre de persona Cabezas Terrero, Maria de las Mercedes
Fechas asociadas al nombre 1911-1993
9 (RLIN) 81469
650 #4 - PUNTO DE ACCESO ADICIONAL DE MATERIA--TÉRMINO DE MATERIA
9 (RLIN) 42125
Término de materia o nombre geográfico como elemento de entrada Misioneras en el cristianismo
Subdivisión geográfica España
Subdivisión de forma Biografías
910 ## - DATOS DE OPCIÓN DEL USUARIO (OCLC)
Datos de opción del usuario SA/Validado. Control de calidad MFF
942 ## - ELEMENTOS DE PUNTO DE ACCESO ADICIONAL (KOHA)
Fuente del sistema de clasificación o colocación Dewey Decimal Classification
Tipo de ítem Koha Libro
Holdings
Estado de retiro Estado de pérdida Fuente del sistema de clasificación o colocación Restricciones de uso No para préstamo Código de colección Localización permanente Ubicación/localización actual Ubicación en estantería Fecha de adquisición Fuente de adquisición Signatura topográfica completa Código de barras Fecha visto por última vez Precio válido a partir de Tipo de ítem Koha
    Dewey Decimal Classification Excluido de préstamo   Patrimonio Dominicano Biblioteca Nacional Pedro Henríquez Ureña Biblioteca Nacional Pedro Henríquez Ureña Depósito 17.05.2021 Deposito Legal BNPHU PD 922.2 C114p 2021-1730 17.05.2021 17.05.2021 Libro

Powered by Koha